Del dicho al hecho. 4º E.G.B.

Gespeichert in:
Bibliographische Detailangaben
1. Verfasser: Ollé, M.A. Autor
Weitere Verfasser: Pujadó, R.M. Autor
Format: Buch
Sprache:Spanisch
Erschienen: Zaragoza Onda s/f
Katalog:MANES:  Suchergebnis im Bibliothekskatalog
Schulbuchspezifische Eigenschaften:
Schriftenreihe:Colección La Llave de "Rosa Sensat"
Tags: Tag hinzufügen
Keine Tags, Fügen Sie den ersten Tag hinzu!
Hinzugefügt zu:18.10.2020
Geändert in:07.05.2025

MARC

LEADER 00000nam a22000007a 4500
005 20250507133403.0
008 201019b ||||| |||| 00| 0 spa d
561 |5 es-CICE  |3 FMa/L100  |a España. Centro Internacional de la Cultura Escolar  |k MANES 
999 |c 88949  |d 88949 
040 |a centro_manes  |c Centro_internacional de la cultura escolar 
100 |9 13941  |a Ollé, M.A.  |b Autor 
245 |a Del dicho al hecho. 4º E.G.B. 
260 |a Zaragoza  |b Onda  |c s/f 
300 |a 267 p.  |c 24x18.5 cm 
440 |9 31176  |a Colección La Llave de "Rosa Sensat" 
500 |a Contiene ilustraciones a color y ejercicios para el alumno. 
546 |a España 
690 0 |a EyL 
691 0 |a PRI 
700 |9 13942  |a Pujadó, R.M.  |b Autor 
942 |2 ddc  |c BK 
999 |c manes:88949  |d 88949